| LEADER |
00753nam0a2200193 450 |
| 001 |
16847852 |
| 010 |
|
|
|a 2-7328-1181-5
|b Br.
|d 92 F
|
| 100 |
|
|
|a 19991006d2000 u u0frey01 ba
|
| 101 |
0 |
|
|a fre
|
| 102 |
|
|
|a FR
|
| 200 |
0 |
|
|a Soins au féminin en 200 questions (Les)
|f Josiane Mongeot
|
| 207 |
|
1 |
|a
|
| 210 |
|
|
|a Paris
|c De Vecchi
|d 2000
|
| 215 |
|
|
|a 192 p.
|d 24 x 17 cm
|
| 330 |
|
|
|a Répertorie et traite tous les soucis liés à la féminité : règles douloureuses, blues post-partum, vergetures, jambes lourdes, cellulite, rides, stress, ostéoporose...
|
| 700 |
|
0 |
|a Mongeot
|b Josiane
|4 70
|
| 900 |
|
|
|a Documentaire
|
| 901 |
|
|
|a Accessible au prêt
|
| 995 |
|
|
|a Bibliothèque
|c Bibliothèque
|f 00156004674198
|h 00156004674198
|k 613 MON
|o p
|q a
|r az
|e Bibliothèque
|